Normal view
MARC view
Entry Personal Name
001 - CONTROL NUMBER
- control field: 1243
003 - CONTROL NUMBER IDENTIFIER
- control field: OSt
005 - DATE AND TIME OF LATEST TRANSACTION
- control field: 20240815100502.0
008 - FIXED-LENGTH DATA ELEMENTS
- fixed length control field: 240815|| aca||aabn | a|a d
040 ## - CATALOGING SOURCE
- Original cataloging agency: OSt
- Transcribing agency: OSt
100 ## - HEADING--PERSONAL NAME
- Personal name: Cohen, Steven M.,
- Dates associated with a name: 1974-
670 ## - SOURCE DATA FOUND
- Source citation: Work cat.: (OSt)32876: Cohen, Steven M., 1974-, Keeping current :, 2003.